The south etruscan cippus inscriptions -SECI-
Gespeichert in:
| 1. Verfasser: | |
|---|---|
| Format: | Buch |
| Sprache: | Englisch |
| Veröffentlicht: |
Roma
Institutum Romanum Finlandiae
2017
|
| Ausgabe: | 1a. ed |
| Schriftenreihe: | Acta Instituti Romani Finlandiae, 44
|
| Schlagworte: | |
| Tags: |
Tag hinzufügen
Keine Tags, Fügen Sie den ersten Tag hinzu!
|
MARC
| LEADER | 00000cam a2200000 a 4500 | ||
|---|---|---|---|
| 001 | UCC0774 | ||
| 003 | CL-VaPUC | ||
| 008 | 170831e20170000it |||||||||||||||||eng|d | ||
| 020 | |a 9788871407814 | ||
| 082 | 0 | 4 | |a 411.7 |b KAI |2 21 |
| 100 | 0 | |a Kaimio, Jorma |e author |9 594777 | |
| 245 | 1 | 4 | |a The south etruscan cippus inscriptions -SECI- |
| 250 | |a 1a. ed | ||
| 300 | |a 328 p | ||
| 942 | |c BK | ||
| 945 | |d 20170831 13:14:00 |a arojas | ||
| 260 | |a Roma |b Institutum Romanum Finlandiae |c 2017 | ||
| 650 | 7 | |a EPIGRAFIA LATINA |2 CL-VaPUC |9 439909 | |
| 650 | 7 | |a EPIGRAMAS |2 CL-VaPUC |9 433332 | |
| 650 | 0 | |a Antigüedades |9 266390 | |
| 650 | 0 | |a Etruscos |9 267523 | |
| 583 | |a last modification |c 20170831 13:14:00 |k Rodrigo Vera | ||
| 490 | 0 | |a Acta Instituti Romani Finlandiae, 44 | |
| 999 | |c 369497 |d 369495 | ||
| 952 | |0 0 |1 0 |3 erb |4 0 |6 411_700000000000000_KAI_2017 |7 0 |8 A |9 485327 |a FDOLAF |b FDOLAF |e Laffi, Umberto, 1939- |i 5411831 |o 411.7 KAI 2017 |p 5411831 |r 2024-01-30 |w 2019-11-24 |y BK |z Catalogado en:20170831 |k LAF | ||